Histoire et structure (Record no. 7958)

MARC details
000 -LEADER
campo de control de longitud fija 00878nam a2200265 i 4500
001 - NÚMERO DE CONTROL
campo de control 7958
003 - IDENTIFICADOR DE NÚMERO DE CONTROL
campo de control ES-MaACL
005 - FECHA Y HORA DE LA ÚLTIMA TRANSACCIÓN
campo de control 20230906145340.0
007 - CAMPO FIJO DE DESCRIPCIÓN FÍSICA--INFORMACIÓN GENERAL
campo de control de longitud fija t|
008 - DATOS DE LONGITUD FIJA--INFORMACIÓN GENERAL
campo de control de longitud fija 910614s1985 fr ||||1| fre d
020 ## - NÚMERO INTERNACIONAL ESTÁNDAR DEL LIBRO
Número Internacional Estándar del Libro 2-7116-0883-2
080 ## - NÚMERO DE LA CLASIFICACIÓN DECIMAL UNIVERSAL
Número de la Clasificación Decimal Universal 1(09)(04)
080 ## - NÚMERO DE LA CLASIFICACIÓN DECIMAL UNIVERSAL
Número de la Clasificación Decimal Universal 1 Goldschmidt
245 00 - MENCIÓN DEL TÍTULO
Título Histoire et structure
Resto del título : a la memoire de Victor Goldschmidt /
Mención de responsabilidad, etc. etudes reunies par Jacques Brunschwig, Claude Imbert et Alain Roger.
260 ## - PUBLICACIÓN, DISTRIBUCIÓN, ETC.
Lugar de publicación, distribución, etc. Paris :
Nombre del editor, distribuidor, etc. Librairie Philosophique J. Vrin,
Fecha de publicación, distribución, etc. 1985.
300 ## - DESCRIPCIÓN FÍSICA
Extensión 334 p. ;
Dimensiones 24 cm.
600 14 - PUNTO DE ACCESO ADICIONAL DE MATERIA--NOMBRE DE PERSONA
Nombre de persona Goldschmidt, Victor.
9 (RLIN) 57680
650 #4 - PUNTO DE ACCESO ADICIONAL DE MATERIA--TÉRMINO DE MATERIA
Término de materia o nombre geográfico como elemento de entrada Filosofía-
Subdivisión de forma Historia.
9 (RLIN) 158248
700 1# - ENTRADA AGREGADA--NOMBRE PERSONAL
Nombre de persona Goldschmidt, Victor.
9 (RLIN) 57680
700 0# - ENTRADA AGREGADA--NOMBRE PERSONAL
Nombre de persona Brunschwig, Jacques.
9 (RLIN) 32209
700 1# - ENTRADA AGREGADA--NOMBRE PERSONAL
Nombre de persona Imbert, Claude,
Término indicativo de función/relación
9 (RLIN) 65209
700 1# - ENTRADA AGREGADA--NOMBRE PERSONAL
Nombre de persona Roger, Alain,
Término indicativo de función/relación
9 (RLIN) 195577
852 ## - LOCALIZACIÓN
Ubicación ES-MaACL
Número de control de estantería L-15211
Sublocalización o colección R.113795
Nota libre . - rust.
Holdings
Estatus retirado Estado de pérdida Estado de daño No para préstamo Biblioteca de origen Biblioteca actual Ubicación en estantería Fecha de adquisición Fuente de adquisición Total de préstamos Signatura topográfica completa Código de barras Visto por última vez Precio de reemplazo Tipo de ítem Koha
        Biblioteca del Ateneo de Madrid Biblioteca del Ateneo de Madrid Depósito 2 17/01/2008     L-15211 1008115 23/02/2023 23/02/2023 Libro impreso